Calm at work : (Record no. 256)

MARC details
000 -LEADER
fixed length control field 00498nam a2200193 a 4500
005 - DATE AND TIME OF LATEST TRANSACTION
control field 20260322212012.0
008 - FIXED-LENGTH DATA ELEMENTS--GENERAL INFORMATION
fixed length control field data
010 ## - LIBRARY OF CONGRESS CONTROL NUMBER
LC control number 98-52537
020 ## - INTERNATIONAL STANDARD BOOK NUMBER
International Standard Book Number 0452280427
020 ## - INTERNATIONAL STANDARD BOOK NUMBER
International Standard Book Number 978-0-452-28042-7
092 ## - LOCALLY ASSIGNED DEWEY CALL NUMBER (OCLC)
Classification number 155.9 W55 1999
001 - CONTROL NUMBER
control field data
100 1# - MAIN ENTRY--PERSONAL NAME
Personal name Wilson, Paul
245 10 - TITLE STATEMENT
Title Calm at work :
Remainder of title breeze through your day feeling calm, relaxed and in control
Statement of responsibility, etc. Paul Wilson
260 ## - PUBLICATION, DISTRIBUTION, ETC.
Place of publication, distribution, etc. New York, N. Y.
Name of publisher, distributor, etc. Plume
Date of publication, distribution, etc. c1999
300 ## - PHYSICAL DESCRIPTION
Extent 334 p.
650 #4 - SUBJECT ADDED ENTRY--TOPICAL TERM
Topical term or geographic name entry element Job stress.
650 #4 - SUBJECT ADDED ENTRY--TOPICAL TERM
Topical term or geographic name entry element Stress management.
Holdings
Withdrawn status Lost status Damaged status Not for loan Home library Current library Shelving location Date acquired Total checkouts Full call number Barcode Date last seen Price effective from Koha item type
        Franklin Franklin General stacks 22/03/2026   GEN BC0010265 22/03/2026 22/03/2026 Books